Ιάσονας και Υψιπύλη : πριν ή και μετά 3.200 χρόνια

Saved in:
Bibliographic Details
Main Author: Κακάνη-Βυριδή, Μαίρη (Author)
Format: Book
Language:Greek
Published: [Βόλος] : [χ.ό], [2000;].
Subjects:
Tags: Add Tag
No Tags, Be the first to tag this record!

MARC

LEADER 00000cam a2200000 a 4500
001 1/119786
008 190807q2000####gr | ||| |||| ||gre||
040 |a GR-MyUa  |b gre  |c GR-MyUa  |e AACR2 
041 0 |a gre 
082 7 |a 398.2093802  |2 (23) 
100 1 |a Κακάνη-Βυριδή, Μαίρη,  |e aut 
245 1 0 |a Ιάσονας και Υψιπύλη :   |b πριν ή και μετά 3.200 χρόνια /   |c Μαίρη Κακάνη-Βυριδή. 
260 |a [Βόλος] :   |b [χ.ό],   |c [2000;]. 
300 |a 111 σ. :   |b εικ. ;   |c 30 εκ. 
600 0 0 |a Jason   |c (Mythological character). 
650 0 |a Mythology, Greek. 
650 0 |a Argonauts (Greek mythology) 
852 |a INST  |b LEMNOS  |e 20190807  |h 398.2093802 ΚΑΚ  |p 005600001965  |q 005600001965  |t BK  |y 0 
852 |a INST  |b LEMNOS  |e 20190807  |h 398.2093802 ΚΑΚ  |p 005600001966  |q 005600001966  |t BK  |y 0 
852 |a INST  |b LEMNOS  |e 20190807  |h 398.2093802 ΚΑΚ  |p 005600001967  |q 005600001967  |t BK  |y 0 
970 |a Ξενιτοπούλου  |b κωνσταντία  |z 07/08/2019